Clubs de la Champions Cup 2024-2025. - Statistiques

Statistiques générales
  • Ce quiz a été pris 208 fois
  • Le résultat moyen est 19 sur 24
Statistiques - réponses
Clubs % Correct
Stade toulousain
99%
Union Bordeaux-Bègles
96%
Stade rochelais
95%
Leinster
95%
Racing 92
93%
RC Toulon
90%
Stade français
87%
Sale Sharks
87%
Castres olympique
86%
ASM Clermont
85%
Munster
84%
Ulster
79%
Leicester Tigers
79%
Sharks
79%
Saracens
71%
Northampton Saints
68%
Exeter Chiefs
67%
Harlequins
67%
Bath rugby
65%
Glasgow Warriors
62%
Benetton Trévise
61%
Bulls
56%
Stormers
54%
Bristol Bears
48%
Aucun quiz correspondant
Distribution des résultats
% des personnes avec chaque résultat
Percentile par nombre de réponses
Votre historique - résultats
Vous n’avez pas pris ce quiz